00431nam a22001337a 4500020001800000040000900018082001600027100002500043110001900068245010900087250001900196260004200215650004000257 a9781839219535 cNUST a005.133 JOS aArtasanchez, Alberto aJoshi, Prateek aArtificial Intelligence with Python:b Your complete guide to building intelligent apps using python 3.x aSecond Edition aBIRMINGHAM:bPackt publishing,c2020. aArtificial Intelligence with python